Ekonomika nie je sústavou rovníc hospodárstvo netvoria a ani nebudú tvoriť programové čipy

Pojem hospodárskeho rastu v 20. storočí. Svetová kríza, princíp prežitia ekonomického systému a spotreba podľa Keynesa. Hospodárska realita ako test pre ekonomické modely a systémy. Klady a zápory hospodárskeho rastu. Úloha individualizmu a spoločnosti v súčasnosti.

Saved in:
Bibliographic Details
Main Author: Dančo, Jozef
Format: Book Chapter
Language:Slovak
Subjects:
Tags: Add Tag
No Tags, Be the first to tag this record!

MARC

LEADER 00000naa a2200000 4500
001 r033570
005 20230824095716.2
041 0 |a slo 
044 |a SK 
245 1 0 |a Ekonomika nie je sústavou rovníc  |b hospodárstvo netvoria a ani nebudú tvoriť programové čipy  |c Jozef Dančo 
520 |a Pojem hospodárskeho rastu v 20. storočí. Svetová kríza, princíp prežitia ekonomického systému a spotreba podľa Keynesa. Hospodárska realita ako test pre ekonomické modely a systémy. Klady a zápory hospodárskeho rastu. Úloha individualizmu a spoločnosti v súčasnosti. 
610 2 0 |a rast hospodársky 
610 2 0 |a teórie rastu hospodárskeho 
610 2 0 |a faktory rastu hospodárskeho 
610 2 0 |a investície 
610 2 0 |a spotreba 
610 2 0 |a systémy ekonomické 
610 2 0 |a individualizmus 
610 2 0 |a spoločnosť 
610 2 0 |a keynesizmus 
100 1 |a Dančo, Jozef